Normal view
MARC view
- Pakistan--Khyber Pakhtunkhwa
Entry Topical Term
001 - CONTROL NUMBER
- control field: 5452
003 - CONTROL NUMBER IDENTIFIER
- control field: NUST
005 - DATE AND TIME OF LATEST TRANSACTION
- control field: 20171013113501.0
008 - FIXED-LENGTH DATA ELEMENTS
- fixed length control field: 171013|| aca||aabn | a|a d
040 ## - CATALOGING SOURCE
- Original cataloging agency: NUST
- Transcribing agency: NUST
150 ## - HEADING--TOPICAL TERM
- Topical term or geographic name entry element: Pakistan--Khyber Pakhtunkhwa
670 ## - SOURCE DATA FOUND
- Source citation: Work cat.: (NUST): Garrett, John 5451, South of the Khyber Pass /, 2008
